Louisiana A-Z - Statistics

General Stats
  • This quiz has been taken 427 times
  • The average score is 17 of 25
Answer Stats
Clue Answer % Correct
B State capital Baton Rouge
96%
K Hurricane that struck in 2005 Katrina
94%
M River that starts in Minnesota Mississippi
94%
Q New Orleans neighbourhood French {Quarter}
89%
C French ethnic group Cajuns
87%
V Afro-American religion Voodoo
84%
N New Orleans's 4-letter abbreviation NOLA
83%
E Nickname of New Orleans The Big {Easy}
83%
T Avery Island hot sauce brand Tabasco
79%
F English for "Mardi Gras" Fat Tuesday
77%
J Louisianian dish similar to paella Jambalaya
76%
A Trumpeter called Satchmo Louis Armstrong
75%
S Biggest city in northern Louisiana Shreveport
72%
Y Disease that killed nearly 8,000 New Orleans residents during a 1853 outbreak Yellow Fever
69%
P Official state nickname The {Pelican} State
68%
G Proper way to spell "Go Saints" {Geaux} Saints
67%
H Offshore drilling rig that exploded in 2010 Deepwater {Horizon}
57%
D Dory from "Finding Nemo" Ellen DeGeneres
48%
Z Native music genre Zydeco
48%
O State gemstone {Oyster} Shell
47%
W "A Streetcar Named Desire" playwright Tennessee Williams
47%
R Meaning of B in English Red Stick
46%
U Northern parish, think of the Civil War now Union
45%
L Charismatic governor killed in 1935 Huey Long
44%
I Most famous novel of the author Anne Rice Interview with the Vampire
32%
No matching quizzes found
Score Distribution
Percent of People with Each Score
Percentile by Number Answered
Your Score History
You have not taken this quiz